X-Men Quizzes 13: Quicksilver - Statistics

General Stats
  • This quiz has been taken 41 times
  • The average score is 8 of 11
Answer Stats
Hint Answer % Correct
Who is his sister? Scarlet Witch / Wanda Maximoff
97%
Who is his father? Magneto / Erik Lehnsherr
94%
What can he do really fast? Run / Move
94%
In X-Men: Days of Future Past, what was his first name? Peter
88%
What is his real name? Pietro Maximoff
88%
What team was he a part of in Age of Ultron (2015)? Avengers
85%
Who portrayed him in 2014? Evan Peters
68%
Who portrayed him in 2015 (Age of Ultron)? Aaron Taylor-Johnson
59%
What was the first mutant team he joined? The Brotherhood
59%
Who is his wife? Crystal
35%
Who is his daughter? Luna
29%
No matching quizzes found
Score Distribution
Percent of People with Each Score
Percentile by Number Answered
Your Score History
You have not taken this quiz